| 000 | 00612nam a2200205 a 4500 | ||
|---|---|---|---|
| 005 | 20210219153559.0 | ||
| 008 | 010522s1995 mx r 000 0 spa d | ||
| 020 | _a9802763098 (O.C.) | ||
| 035 | _aUPN01000106648 | ||
| 049 | _aC | ||
| 050 | 4 |
_aPQ7081 _bD5.3 |
|
| 245 | 0 | 0 | _aDiccionario enciclopédico de las letras de América Latina, DELAL. |
| 260 |
_aCaracas : _bBiblioteca Ayacucho : _bMonte Avila, _c1995 |
||
| 300 | _a3 v. (5189 p.) | ||
| 650 | 4 |
_aLITERATURA LATINOAMERICANA - _vBIO-BIBLIOGRAFIA |
|
| 710 | 2 | _aDELAL | |
| 901 | _a173525 v.1/173526 v.2/173527 v.3 | ||
| 902 | _aLG/PGV | ||
| 905 | _aLibro | ||
| 999 |
_c80560 _d80560 |
||